| 000 | 01054cam a2200313 a 4500 | ||
|---|---|---|---|
| 001 | 11991459 | ||
| 003 | OSt | ||
| 005 | 20230704091056.0 | ||
| 008 | 991210s1998 ke b 000 0 eng | ||
| 010 | _a 99893568 | ||
| 020 | _a9966996710 | ||
| 035 | _a(DLC) 99893568 | ||
| 040 |
_aDLC _cDLC |
||
| 042 | _alcode | ||
| 043 | _af-ke--- | ||
| 082 |
_a338.967 _bKIM |
||
| 100 | 1 | _aKimuyu, Peter. | |
| 245 | 1 | 0 |
_aConditionalities and market reforms : _bwhat Kenya's fertilizer market reveals / _cPeter Kimuyu. |
| 260 |
_aNairobi, Kenya : _bInstitute of Policy Analysis and Research, _cc1998. |
||
| 300 |
_a26 p. ; _c26 cm. |
||
| 490 | 1 |
_aOccasional paper ; _vno. OP/03/1998 |
|
| 500 | _a"September, 1998." | ||
| 504 | _aIncludes bibliographical references (p. 26). | ||
| 650 | 0 |
_aFertilizer industry _zKenya. |
|
| 830 | 0 |
_aIPAR occasional paper series ; _vno. OP/98/03. |
|
| 906 |
_a7 _bcbc _corigode _d3 _encip _f19 _gy-gencatlg |
||
| 942 |
_2ddc _cBK |
||
| 999 |
_c3589 _d3589 |
||